000 00549nam a2200169 i 4500
001 41093
003 ES-MaACL
005 20230906160355.0
007 t|
008 030307s1955 sp ||||1| spa d
100 1 _aCarmona, Miguel Enrique de.
_935344
245 1 3 _aLa bigamia en la doctrina, en la historia, en el derecho, en el derecho natural, canĂ³nico, vivil... /
_cMiguel E. de Carmona.
260 _aBarcelona :
_bDux,
_c1955 (
_fFomento)
300 _a306 p. ;
_c23 cm.
650 4 _aBigamia.
_9150907
852 _aES-MaACL
_jC-9958
_bR.38136
999 _c41093
_d41093